[Event "St Eufemia d'Aspromonte op-B 4th"]
[Site "St Eufemia d'Aspromonte"]
[Date "2011.01.03"]
[Round "2"]
[White "Minucci, Veronica"]
[Black "Ziparo, Francesco"]
[Result "0-1"]
[WhiteElo "1377"]
[BlackElo "1548"]
[PlyCount "22"]
[EventDate "2011.01.02"]
[EventType "swiss"]
[EventRounds "8"]
[EventCountry "ITA"]
[SourceTitle "EXT 2013"]
[Source "ChessBase"]
[SourceDate "2012.11.22"]
[SourceVersion "1"]
[SourceVersionDate "2012.11.22"]
[SourceQuality "1"]

1. e4 c6 2. d4 d5 3. Nc3 dxe4 4. Nxe4 Bf5 5. f3 e6 6. Be3 Bxe4 7. fxe4 Qh4+ 8. g3 Qxe4 9. Qf3 Qxc2 10. Bc1 Bb4+ 11. Bd2 Qxd2# 0-1

[Event "Costa Viola op 3rd"]
[Site "St Eufemia d'Aspromonte"]
[Date "2010.01.05"]
[Round "7"]
[White "Minucci, Veronica"]
[Black "Battaglia, Domenica"]
[Result "1-0"]
[WhiteElo "1389"]
[BlackElo "1557"]
[PlyCount "91"]
[EventDate "2010.01.02"]
[EventType "swiss"]
[EventRounds "7"]
[EventCountry "ITA"]
[SourceTitle "EXT 2011"]
[Source "ChessBase"]
[SourceDate "2010.11.26"]
[SourceVersion "1"]
[SourceVersionDate "2010.11.26"]
[SourceQuality "1"]

1. e4 e5 2. Nf3 Nc6 3. Nc3 Nf6 4. d3 h6 5. Be2 Bc5 6. Be3 Bb6 7. 0-0 Ng4 8. Nd5 d6 9. Nxb6 axb6 10. h3 Nf6 11. c4 Bd7 12. a3 Ne7 13. b3 c5 14. Bd2 0-0 15. Nh4 Ng6 16. Nxg6 fxg6 17. Bg4 Nxg4 18. hxg4 b5 19. f4 bxc4 20. dxc4 Qh4 21. f5 gxf5 22. exf5 Bc6 23. Be1 Qe7 24. Qd2 Qf6 25. Bf2 b6 26. Be3 g5 27. b4 Rfd8 28. b5 Bb7 29. a4 d5 30. cxd5 Rxd5 31. Qa2 Kh7 32. Rfe1 Qd6 33. Qf2 Rf8 34. Ra3 Rd1 35. Ra1 Rxe1+ 36. Rxe1 Ra8 37. Qc2 e4 38. Rd1 Qe7 39. Qf2 Rxa4 40. f6 Qf7 41. Qf5+ Qg6 42. Qd7+ Kh8 43. Qxb7 Qxf6 44. Qc8+ Kg7 45. Rd7+ Kg6 46. Qe8+ 1-0